[Event "2.BLW 1617 SV Hofheim - SG Bochum"]
[Site "?"]
[Date "2016.10.16"]
[Round "1.1"]
[White "Hendriks, Willy"]
[Black "Volokitin, Andrei"]
[Result "0-1"]
[WhiteElo "2396"]
[BlackElo "2677"]
[PlyCount "48"]
[EventDate "2016.??.??"]

1. e4 c5 2. Nf3 d6 3. Bc4 Nf6 4. d3 Nc6 5. c3 a6 6. Bb3 Bg4 7. Nbd2 e6 8. O-O
Qc7 9. Re1 O-O-O 10. Ba4 d5 11. Bxc6 Qxc6 12. e5 Nd7 13. b3 f6 14. d4 fxe5 15.
dxe5 Be7 16. h3 Bh5 17. Nf1 Rdf8 18. N1h2 Qc7 19. g4 Bg6 20. Bg5 Bxg5 21. Nxg5
Qc6 22. Re3 h5 23. Qe2 hxg4 24. Nxg4 Rh5 0-1

[Event "2.BLW 1617 SV Hofheim - SG Bochum"]
[Site "?"]
[Date "2016.10.16"]
[Round "1.2"]
[White "Schroeder, Jan-Christian"]
[Black "Kotainy, Jens"]
[Result "1-0"]
[WhiteElo "2514"]
[BlackElo "2397"]
[PlyCount "61"]
[EventDate "2016.??.??"]

1. e4 e6 2. d4 d5 3. Nd2 Be7 4. Ngf3 Nf6 5. e5 Nfd7 6. Bd3 c5 7. c3 Nc6 8. O-O
g5 9. dxc5 Nxc5 10. Bb5 Nd7 11. Nb3 h6 12. Nfd4 Ndxe5 13. f4 gxf4 14. Bxf4 Bd7
15. Nxe6 Bxe6 16. Bxe5 Rg8 17. Nd4 Qb6 18. Qb3 Rg6 19. Rae1 Rc8 20. Kh1 Kd8 21.
Nxe6+ fxe6 22. Bg3 Na5 23. Qa4 Rf6 24. Rxf6 Bxf6 25. Be8 Nc6 26. Bf7 Qxb2 27.
Bxe6 Bxc3 28. Qh4+ Ne7 29. Rf1 Bf6 30. Qxh6 Bg7 31. Rf8+ 1-0

[Event "2.BLW 1617 SV Hofheim - SG Bochum"]
[Site "?"]
[Date "2016.10.16"]
[Round "1.3"]
[White "Goudriaan, Etienne"]
[Black "Ginsburg, Gennadi"]
[Result "0-1"]
[WhiteElo "2367"]
[BlackElo "2466"]
[PlyCount "52"]
[EventDate "2016.??.??"]

1. d4 Nf6 2. c4 g6 3. Nc3 Bg7 4. e4 d6 5. Nf3 O-O 6. h3 e5 7. d5 a5 8. g4 Na6
9. Be3 c6 10. Be2 cxd5 11. cxd5 b6 12. Nd2 Nc5 13. a3 Ba6 14. Bxa6 Rxa6 15. Qe2
Ra8 16. f3 a4 17. Qb5 Nfd7 18. g5 h5 19. h4 f5 20. Ke2 Ra5 21. Qb4 Qc8 22. Nc4
fxe4 23. Nxe4 Nxe4 24. fxe4 Nc5 25. Bxc5 Rxc5 26. Rac1 b5 0-1

[Event "2.BLW 1617 SV Hofheim - SG Bochum"]
[Site "?"]
[Date "2016.10.16"]
[Round "1.4"]
[White "Lobzhanidze, Davit"]
[Black "Schlawin, Marlon"]
[Result "1/2-1/2"]
[WhiteElo "2435"]
[BlackElo "2342"]
[PlyCount "58"]
[EventDate "2016.??.??"]

1. e4 e6 2. d4 d5 3. Nd2 c5 4. exd5 exd5 5. Ngf3 Nf6 6. Bb5+ Bd7 7. Bxd7+ Nbxd7
8. O-O Be7 9. dxc5 Nxc5 10. Re1 O-O 11. Nf1 a5 12. Be3 a4 13. a3 Nce4 14. Bd4
Re8 15. Ne3 b6 16. Qd3 Bc5 17. Rad1 Qd6 18. Bxc5 Qxc5 19. Qd4 Ra5 20. Qxc5 Rxc5
21. Nd4 Kf8 22. c3 Nd6 23. Ndc2 Nc4 24. Nxc4 Rxe1+ 25. Rxe1 dxc4 26. Nb4 Nd5
27. Rd1 Nxb4 28. axb4 Re5 29. Kf1 Ke7 1/2-1/2

[Event "2.BLW 1617 SV Hofheim - SG Bochum"]
[Site "?"]
[Date "2016.10.16"]
[Round "1.5"]
[White "Hengelbrock, Joachim"]
[Black "Perske, Thore"]
[Result "0-1"]
[WhiteElo "2308"]
[BlackElo "2380"]
[PlyCount "72"]
[EventDate "2016.??.??"]

1. d4 Nf6 2. c3 g6 3. Bg5 Bg7 4. Nd2 d5 5. e3 O-O 6. Bd3 c5 7. Ngf3 b6 8. O-O
Bb7 9. Qc2 Nc6 10. Rfe1 Rc8 11. a3 h6 12. Bxf6 Bxf6 13. dxc5 bxc5 14. e4 e6 15.
exd5 exd5 16. Rad1 Bg7 17. Nf1 Qb6 18. Ng3 c4 19. Bxg6 fxg6 20. Re6 Qc7 21.
Qxg6 Qf7 22. Qg4 Rce8 23. Rxe8 Rxe8 24. Nf5 Qf6 25. Qh5 Rf8 26. Nxg7 Qxg7 27.
Qxd5+ Kh8 28. Nh4 Rd8 29. Qf3 Nd4 30. Qh5 Qg5 31. Rxd4 Qxh5 32. Rxd8+ Kg7 33.
Rd4 Qe2 34. Nf5+ Kf6 35. Ne3 Qe1+ 36. Nf1 Be4 0-1

[Event "2.BLW 1617 SV Hofheim - SG Bochum"]
[Site "?"]
[Date "2016.10.16"]
[Round "1.6"]
[White "Zude, Erik"]
[Black "Werthebach, Felix"]
[Result "1/2-1/2"]
[WhiteElo "2417"]
[BlackElo "2131"]
[PlyCount "129"]
[EventDate "2016.??.??"]

1. c4 f5 2. g3 Nf6 3. Bg2 g6 4. Nc3 Bg7 5. Nf3 O-O 6. O-O d6 7. d3 Nc6 8. Rb1
a5 9. a3 e5 10. b4 axb4 11. axb4 h6 12. b5 Nd4 13. Nxd4 exd4 14. Nd5 Nxd5 15.
Bxd5+ Kh7 16. e3 dxe3 17. fxe3 Ra5 18. Bb2 Bxb2 19. Rxb2 b6 20. e4 Qf6 21. d4
Be6 22. exf5 gxf5 23. Rbf2 Qg6 24. Bxe6 Qxe6 25. Qd3 Kg7 26. d5 Qg6 27. Rxf5
Rxf5 28. Qxf5 Qxf5 29. Rxf5 Ra4 30. Rf4 Ra2 31. g4 Rc2 32. h4 Kg6 33. Kf1 Kg7
34. Ke1 Kg6 35. Kd1 Rg2 36. h5+ Kg7 37. Re4 Kf7 38. Ke1 Kf8 39. Kf1 Rc2 40. Kg1
Kf7 41. Kf1 Kf8 42. Re6 Rxc4 43. Rg6 Rd4 44. Kg2 Rxd5 45. Rxh6 Kg7 46. Re6 Kf7
47. Rh6 Kg7 48. Re6 Kf7 49. Re1 Rxb5 50. Kg3 Re5 51. Rh1 Kg7 52. Kf4 Kh6 53.
Ra1 Re8 54. Ra7 Rf8+ 55. Kg3 Rf7 56. Kh4 d5 57. g5+ Kg7 58. g6 Re7 59. Kg5 Re5+
60. Kg4 Kh6 61. Rxc7 Rg5+ 62. Kf4 Rxh5 63. g7 Kh7 64. Rb7 Kg8 65. Ke3 1/2-1/2

[Event "2.BLW 1617 SV Hofheim - SG Bochum"]
[Site "?"]
[Date "2016.10.16"]
[Round "1.7"]
[White "Baltic, Fatih"]
[Black "Burkart, Patrick"]
[Result "1/2-1/2"]
[WhiteElo "2190"]
[BlackElo "2305"]
[PlyCount "119"]
[EventDate "2016.??.??"]

1. e4 Nf6 2. e5 Nd5 3. d4 d6 4. Nf3 dxe5 5. Nxe5 c6 6. Be2 Bf5 7. a3 Nd7 8. Nf3
Qa5+ 9. c3 g6 10. O-O Bg7 11. h3 O-O 12. c4 N5f6 13. Nc3 Ne4 14. Nxe4 Bxe4 15.
Ng5 Nf6 16. Nxe4 Nxe4 17. Qc2 Nd6 18. Bd2 Qf5 19. Bd3 Qh5 20. Bc3 Rfd8 21. Rfe1
e6 22. Rad1 Rac8 23. b3 Rd7 24. Qb2 Qg5 25. Qc2 Nf5 26. Bxf5 Qxf5 27. Qxf5 gxf5
28. Re3 Rcd8 29. Rg3 Kh8 30. Rgd3 c5 31. d5 Bxc3 32. Rxc3 exd5 33. Rcd3 d4 34.
Rf3 b6 35. Rxf5 Kg7 36. Kf1 Re8 37. b4 Rc7 38. bxc5 Rxc5 39. Rd5 Rxc4 40. R5xd4
Re4 41. Rd7 a5 42. g3 Rc3 43. R1d6 Rxa3 44. Rxb6 Rb4 45. Rxb4 axb4 46. Rb7 Rb3
47. Ke2 Kf6 48. Kd2 Rb1 49. Kc2 Rf1 50. Rb6+ Kf5 51. Rb5+ Kg6 52. Rxb4 Rxf2+
53. Kd1 h5 54. Rb3 Rh2 55. h4 Kf5 56. Rb4 f6 57. Ke1 Rg2 58. Rf4+ Ke5 59. Rf3
Ra2 60. Kf1 1/2-1/2

[Event "2.BLW 1617 SV Hofheim - SG Bochum"]
[Site "?"]
[Date "2016.10.16"]
[Round "1.8"]
[White "Armbruster, Alexander"]
[Black "Stricker, Florian"]
[Result "1-0"]
[WhiteElo "2296"]
[BlackElo "2098"]
[PlyCount "55"]
[EventDate "2016.??.??"]

1. c4 e5 2. g3 Nf6 3. Bg2 Bc5 4. Nc3 d6 5. e3 Nc6 6. a3 a5 7. Nge2 Bg4 8. h3
Bh5 9. f4 exf4 10. gxf4 Nd7 11. O-O Qe7 12. Nd5 Qd8 13. Qe1 Bxe2 14. Qxe2 Nf6
15. Kh2 Nxd5 16. Bxd5 Qe7 17. Qg2 O-O 18. b3 Kh8 19. Bb2 f6 20. Rf3 Rae8 21.
Rg1 Qd7 22. Rg3 Re7 23. Qf3 Nd8 24. Qh5 Ne6 25. Be4 Ng5 26. Rxg5 Rxe4 27. Rxg7
Qxg7 28. Rxg7 1-0

[Event "2.BLW 1617 SV Mülheim Nord - SF Katernb"]
[Site "?"]
[Date "2016.10.16"]
[Round "1.1"]
[White "Tomic, Bosko"]
[Black "Zelbel, Patrick"]
[Result "0-1"]
[WhiteElo "2460"]
[BlackElo "2452"]
[PlyCount "68"]
[EventDate "2016.??.??"]

1. c4 c5 2. g3 g6 3. Bg2 Bg7 4. Nc3 Nc6 5. Nf3 e6 6. O-O Nge7 7. a3 O-O 8. Rb1
d5 9. cxd5 exd5 10. d3 b6 11. Na4 d4 12. b4 cxb4 13. axb4 Be6 14. b5 Na5 15.
Bd2 Rc8 16. Bxa5 bxa5 17. Nd2 Bd5 18. Bxd5 Nxd5 19. Nc4 Re8 20. Qd2 Nc3 21.
Nxc3 dxc3 22. Qc2 Rc5 23. e3 Qd7 24. Nxa5 Rxb5 25. Rxb5 Qxb5 26. Nc4 Rb8 27.
Ra1 h5 28. Na3 Qa5 29. d4 Bf8 30. Rb1 Rb2 31. Nc4 Rxb1+ 32. Qxb1 Qa4 33. Qd3 c2
34. Qc3 Qa2 0-1

[Event "2.BLW 1617 SV Mülheim Nord - SF Katernb"]
[Site "?"]
[Date "2016.10.16"]
[Round "1.2"]
[White "Hausrath, Daniel"]
[Black "Ris, Robert"]
[Result "1/2-1/2"]
[WhiteElo "2481"]
[BlackElo "2417"]
[PlyCount "37"]
[EventDate "2016.??.??"]

1. Nf3 d5 2. g3 Nf6 3. Bg2 e6 4. O-O Be7 5. d3 O-O 6. c3 c5 7. a3 Nc6 8. b4 b6
9. Nbd2 Bb7 10. Bb2 Qc7 11. Rc1 Rfd8 12. Qc2 Rac8 13. Qb1 h6 14. Rfe1 Nd7 15.
d4 Nf6 16. bxc5 bxc5 17. c4 cxd4 18. Nxd4 Qb6 19. Nxc6 {(=)} 1/2-1/2

[Event "2.BLW 1617 SV Mülheim Nord - SF Katernb"]
[Site "?"]
[Date "2016.10.16"]
[Round "1.3"]
[White "Kevlishvili, Robby"]
[Black "Zwirs, Nico"]
[Result "1/2-1/2"]
[WhiteElo "2404"]
[BlackElo "2367"]
[PlyCount "72"]
[EventDate "2016.??.??"]

1. e4 c5 2. Nf3 d6 3. d4 cxd4 4. Nxd4 Nf6 5. Nc3 a6 6. Be3 e5 7. Nb3 Be6 8. f3
h5 9. Qd2 Nbd7 10. Nd5 Bxd5 11. exd5 a5 12. a4 Be7 13. Bb5 O-O 14. O-O Nc5 15.
Bxc5 dxc5 16. Rad1 Bd6 17. Qe1 Qc7 18. Nd2 e4 19. Nxe4 Bxh2+ 20. Kh1 Nxe4 21.
Qxe4 Bd6 22. Rfe1 Qd8 23. Qf5 g6 24. Qh3 Qf6 25. c3 Rad8 26. Re4 Kg7 27. Kg1
Qg5 28. Qh4 Qxh4 29. Rxh4 f5 30. Kf2 Rf7 31. Rhh1 Re7 32. Rhe1 Rxe1 33. Rxe1 h4
34. Kf1 Bg3 35. Re7+ Kf8 36. Rd7 Rxd7 {(=)} 1/2-1/2

[Event "2.BLW 1617 SV Mülheim Nord - SF Katernb"]
[Site "?"]
[Date "2016.10.16"]
[Round "1.4"]
[White "Rezasade, Amir"]
[Black "Scholz, Christian"]
[Result "1/2-1/2"]
[WhiteElo "2314"]
[BlackElo "2369"]
[PlyCount "50"]
[EventDate "2016.??.??"]

1. Nf3 Nf6 2. c4 g6 3. Nc3 Bg7 4. g3 d6 5. Bg2 O-O 6. O-O Nc6 7. d3 e5 8. Rb1
a5 9. a3 Re8 10. Ne1 Be6 11. Nd5 Qc8 12. Bg5 Nd7 13. b4 f6 14. Bd2 axb4 15.
axb4 Ne7 16. Nc3 Nf8 17. Ra1 Rxa1 18. Qxa1 Bh3 19. Bxh3 Qxh3 20. Qa7 Qc8 21. b5
Qa8 22. Qxa8 Rxa8 23. Nc2 Ne6 24. Ra1 Rxa1+ 25. Nxa1 f5 {(=)} 1/2-1/2

[Event "2.BLW 1617 SV Mülheim Nord - SF Katernb"]
[Site "?"]
[Date "2016.10.16"]
[Round "1.5"]
[White "Hoolt, Sarah"]
[Black "Kahleys, Kevin"]
[Result "1-0"]
[WhiteElo "2371"]
[BlackElo "2213"]
[PlyCount "91"]
[EventDate "2016.??.??"]

1. e4 e6 2. d4 d5 3. Nc3 Nf6 4. e5 Nfd7 5. f4 c5 6. Nf3 Nc6 7. Be3 Qa5 8. Qd2
Rb8 9. a3 b5 10. Ra2 b4 11. axb4 Qxb4 12. Be2 cxd4 13. Nxd4 Nxd4 14. Qxd4 Bc5
15. Qxb4 Rxb4 16. Bxc5 Nxc5 17. Bb5+ Bd7 18. Rxa7 Ke7 19. b3 Rc8 20. O-O Ke8
21. Bxd7+ Nxd7 22. Rf3 g5 23. g3 Rd4 24. Nb5 Rd1+ 25. Kg2 Rxc2+ 26. Kh3 Rdd2
27. Nd6+ Ke7 28. fxg5 Rxh2+ 29. Kg4 h5+ 30. gxh6 f6 31. Rxf6 Rcf2 32. Rxf2 Rxf2
33. Kg5 Rh2 34. g4 Kd8 35. Nf7+ Ke8 36. Kg6 d4 37. Ra8+ Ke7 38. Ra4 d3 39. Rd4
d2 40. Kg7 Rg2 41. g5 Rf2 42. Nd6 Rg2 43. Ne4 Nxe5 44. Rxd2 Rg4 45. h7 Nf7 46.
Rd7+ 1-0

[Event "2.BLW 1617 SV Mülheim Nord - SF Katernb"]
[Site "?"]
[Date "2016.10.16"]
[Round "1.6"]
[White "Bus, Tom"]
[Black "Rosen, Bernd"]
[Result "1/2-1/2"]
[WhiteElo "2198"]
[BlackElo "2288"]
[PlyCount "77"]
[EventDate "2016.??.??"]

1. Nf3 c5 2. c4 Nc6 3. g3 e5 4. Nc3 g6 5. Bg2 Bg7 6. O-O d6 7. d3 Nge7 8. Bg5
f6 9. Bd2 O-O 10. Ne1 Be6 11. Nc2 d5 12. cxd5 Nxd5 13. Nxd5 Bxd5 14. Bxd5+ Qxd5
15. Ne3 Qe6 16. Rc1 b6 17. Qa4 Nd4 18. Rfe1 Rfd8 19. Bc3 Bh6 20. b4 cxb4 21.
Bxd4 exd4 22. Rc6 Qd7 23. Nc2 Kh8 24. e3 dxe3 25. Nxe3 Re8 26. Qc2 Rac8 27.
Rxc8 Rxc8 28. Qb2 Qd6 29. Nc4 Qxd3 30. Qxf6+ Bg7 31. Qf7 Rf8 32. Re8 Qb1+ 33.
Kg2 Qe4+ 34. Rxe4 Rxf7 35. Nd6 Rf6 36. Ne8 Rc6 37. Nxg7 Kxg7 38. Re7+ Kf6 39.
Rxa7 1/2-1/2

[Event "2.BLW 1617 SV Mülheim Nord - SF Katernb"]
[Site "?"]
[Date "2016.10.16"]
[Round "1.7"]
[White "Bee, Marcus"]
[Black "Nachbar, Benjamin"]
[Result "1/2-1/2"]
[WhiteElo "2176"]
[BlackElo "2146"]
[PlyCount "27"]
[EventDate "2016.??.??"]

1. Nf3 Nf6 2. c4 e6 3. g3 b6 4. Bg2 Bb7 5. O-O c5 6. Nc3 d6 7. b3 Be7 8. Bb2
O-O 9. e3 Nbd7 10. d4 Ne4 11. Nxe4 Bxe4 12. Qe2 Qc7 13. Rfd1 Qb7 14. Ne1 {(=)}
1/2-1/2

[Event "2.BLW 1617 SV Mülheim Nord - SF Katernb"]
[Site "?"]
[Date "2016.10.16"]
[Round "1.8"]
[White "Krueger, Andre"]
[Black "Kueppers, Timo"]
[Result "1/2-1/2"]
[WhiteElo "2143"]
[BlackElo "2061"]
[PlyCount "46"]
[EventDate "2016.??.??"]

1. d4 Nf6 2. Bg5 e6 3. e4 h6 4. Bxf6 Qxf6 5. c3 d6 6. Bd3 g6 7. Ne2 Bg7 8. O-O
O-O 9. f4 Qe7 10. e5 b6 11. Nd2 Bb7 12. Ne4 Nd7 13. Qe1 Rad8 14. Qg3 Bxe4 15.
Bxe4 c5 16. a3 b5 17. Rad1 Nb6 18. Qf2 Rc8 19. dxc5 dxc5 20. Ng3 Rfd8 21. Bb1
Rxd1 22. Rxd1 Rd8 23. Qe2 Rxd1+ {(=)} 1/2-1/2

[Event "2.BLW 1617 SG Solingen - SG Köln Porz"]
[Site "?"]
[Date "2016.10.16"]
[Round "1.1"]
[White "Timman, Jan H"]
[Black "Handke, Florian"]
[Result "1/2-1/2"]
[WhiteElo "2565"]
[BlackElo "2514"]
[PlyCount "120"]
[EventDate "2016.??.??"]

1. Nf3 d5 2. g3 Bg4 3. Bg2 Nd7 4. c4 e6 5. cxd5 exd5 6. O-O Ngf6 7. d3 Be7 8.
Nc3 c6 9. Qb3 O-O 10. Be3 Bxf3 11. exf3 Nb6 12. Ne2 c5 13. f4 Qd7 14. a4 c4 15.
dxc4 Nxc4 16. Bc1 Bc5 17. Qd3 Rfe8 18. b3 Nd6 19. Bb2 Nde4 20. Nd4 h5 21. f3
Nd6 22. Kh1 Rad8 23. Rfe1 Rxe1+ 24. Rxe1 Re8 25. Re5 b6 26. Bf1 a5 27. Qd1 Rd8
28. Bd3 Kf8 29. Kg2 Re8 30. h3 Rd8 31. g4 Nc4 32. bxc4 dxc4 33. Bxc4 hxg4 34.
hxg4 Bxd4 35. Ba3+ Bc5 36. Bxc5+ bxc5 37. Qxd7 Nxd7 38. Rd5 Ke7 39. Bb5 Ke6 40.
Rf5 f6 41. Bxd7+ Rxd7 42. Rxc5 Rd5 43. f5+ Kd6 44. Rc8 Ke7 45. Rc7+ Kf8 46. Rc4
Rd2+ 47. Kg3 Ra2 48. f4 Ra3+ 49. Kh4 Rf3 50. Rc5 Rxf4 51. Rxa5 Kg8 52. Kh5 Kh7
53. g5 fxg5 54. Kxg5 Rc4 55. f6 gxf6+ 56. Kxf6 Rf4+ 57. Ke6 Re4+ 58. Kd6 Rd4+
59. Kc6 Rg4 60. Ra7+ Kh8 1/2-1/2

[Event "2.BLW 1617 SG Solingen - SG Köln Porz"]
[Site "?"]
[Date "2016.10.16"]
[Round "1.2"]
[White "Wegerle, Joerg"]
[Black "Khenkin, Igor"]
[Result "0-1"]
[WhiteElo "2442"]
[BlackElo "2563"]
[PlyCount "134"]
[EventDate "2016.??.??"]

1. e4 Nf6 2. Nc3 e5 3. Nf3 Nc6 4. Bb5 Nd4 5. Ba4 c6 6. Nxe5 d5 7. Ne2 dxe4 8.
Bb3 Nxb3 9. axb3 Bd6 10. d4 Bxe5 11. dxe5 Qxd1+ 12. Kxd1 Ng4 13. Be3 O-O 14.
Ra4 Nxe3+ 15. fxe3 Re8 16. Rxe4 Bf5 17. Rd4 Rxe5 18. Ng3 c5 19. Rd6 Be6 20. Ke2
Kf8 21. Kf2 Ke7 22. Rhd1 Rc8 23. R1d2 c4 24. bxc4 Rxc4 25. R6d4 a5 26. h4 b5
27. Ne2 b4 28. Nf4 Rec5 29. Rxc4 Rxc4 30. b3 Rc3 31. Kf3 f6 32. h5 Rc5 33. g4
Rg5 34. Nxe6 Kxe6 35. Kf4 Rc5 36. h6 g5+ 37. Ke4 Re5+ 38. Kf3 Kf7 39. e4 Rc5
40. Ke3 Rc3+ 41. Kd4 Rg3 42. Kd5 Rxg4 43. e5 fxe5 44. Kxe5 Kg6 45. Rd6+ Kh5 46.
Ra6 Rf4 47. Rxa5 Kxh6 48. Ra7 Kg6 49. Rc7 Rf5+ 50. Ke4 h5 51. c4 bxc3 52. Rxc3
h4 53. Rc8 Rb5 54. Rc3 g4 55. Kf4 Rb4+ 56. Ke3 Kf5 57. Rc5+ Ke6 58. Rc3 Kd5 59.
Rd3+ Ke5 60. Rc3 Re4+ 61. Kf2 Kf4 62. Kg2 h3+ 63. Kg1 Re1+ 64. Kh2 Re2+ 65. Kg1
h2+ 66. Kh1 g3 67. Rc1 Kg4 0-1

[Event "2.BLW 1617 SG Solingen - SG Köln Porz"]
[Site "?"]
[Date "2016.10.16"]
[Round "1.3"]
[White "Korneev, Oleg"]
[Black "Schroeder, Kevin"]
[Result "1/2-1/2"]
[WhiteElo "2581"]
[BlackElo "2266"]
[PlyCount "77"]
[EventDate "2016.??.??"]

1. e4 e5 2. Bc4 Nf6 3. d3 Nc6 4. Nf3 Bc5 5. O-O O-O 6. Nbd2 d6 7. c3 Bb6 8. Bb3
Ne7 9. Nc4 Be6 10. h3 Ng6 11. Ng5 Bxc4 12. Bxc4 Qe7 13. Re1 c6 14. Nf3 Rad8 15.
Bb3 Rfe8 16. Qc2 h6 17. g3 Nd7 18. a4 Nc5 19. a5 Bc7 20. Ba2 Ne6 21. Kg2 d5 22.
b4 a6 23. Rb1 Qd7 24. Qe2 Rf8 25. h4 f6 26. h5 Ne7 27. Nh4 Kh7 28. g4 Ng5 29.
Bb2 dxe4 30. dxe4 Qd3 31. Qxd3 Rxd3 32. Rbd1 Rxd1 33. Rxd1 Kh8 34. Rd7 Bd8 35.
Bc1 Nxe4 36. Bb1 f5 37. Bxe4 fxe4 38. f3 exf3+ 39. Nxf3 1/2-1/2

[Event "2.BLW 1617 SG Solingen - SG Köln Porz"]
[Site "?"]
[Date "2016.10.16"]
[Round "1.4"]
[White "Schaefer, Markus"]
[Black "Van Den Doel, Erik"]
[Result "1/2-1/2"]
[WhiteElo "2401"]
[BlackElo "2571"]
[PlyCount "109"]
[EventDate "2016.??.??"]

1. e4 e5 2. Nf3 Nc6 3. d4 exd4 4. Nxd4 Nf6 5. Nc3 Bb4 6. Nxc6 bxc6 7. Bd3 d5 8.
exd5 O-O 9. O-O cxd5 10. h3 c6 11. Qf3 Bd6 12. Re1 Rb8 13. b3 Rb7 14. Bb2 Re8
15. Ne2 Be5 16. Bxe5 Rxe5 17. Nd4 Rxe1+ 18. Rxe1 c5 19. Nf5 Rc7 20. Qf4 g6 21.
Ne3 Nh5 22. Qh6 Be6 23. Be2 Nf6 24. Bf3 Rd7 25. Qf4 Kg7 26. Ng4 Nxg4 27. Bxg4
Qf6 28. Qxf6+ Kxf6 29. Bxe6 fxe6 30. f4 Rd6 31. Kf2 Ra6 32. Ra1 g5 33. fxg5+
Kxg5 34. Ke3 h5 35. Kd3 Kf4 36. g4 hxg4 37. hxg4 Kxg4 38. c4 Kf5 39. cxd5 exd5
40. Rc1 Rxa2 41. Rxc5 Ke5 42. Rc8 Rh2 43. Re8+ Kd6 44. Ra8 Ra2 45. Kd4 Ra5 46.
Rd8+ Kc6 47. Rc8+ Kd7 48. Ra8 Kc6 49. Rc8+ Kb7 50. Rc5 Kb6 51. Rxa5 Kxa5 52.
Kxd5 Kb4 53. Kc6 Kxb3 54. Kb5 a5 55. Kxa5 1/2-1/2

[Event "2.BLW 1617 SG Solingen - SG Köln Porz"]
[Site "?"]
[Date "2016.10.16"]
[Round "1.5"]
[White "Lutz, Christopher"]
[Black "Schlecht, Daniel"]
[Result "1/2-1/2"]
[WhiteElo "2530"]
[BlackElo "2368"]
[PlyCount "62"]
[EventDate "2016.??.??"]

1. e4 c6 2. d4 d5 3. Nc3 dxe4 4. Nxe4 Bf5 5. Ng3 Bg6 6. h4 h6 7. Nf3 Nd7 8. h5
Bh7 9. Bd3 Bxd3 10. Qxd3 e6 11. Bf4 Qa5+ 12. Bd2 Bb4 13. c3 Be7 14. c4 Qc7 15.
Nf1 Ngf6 16. Ne3 O-O 17. g4 Rfd8 18. O-O-O b5 19. Qc2 Nh7 20. cxb5 Rac8 21.
bxc6 Ndf6 22. Kb1 Qxc6 23. Qxc6 Rxc6 24. Rc1 Rxc1+ 25. Rxc1 Ne4 26. Be1 Nhg5
27. Ne5 Bf6 28. f4 Rxd4 29. Nc2 Rd5 30. Nb4 Rb5 31. a4 Rb7 {(=)} 1/2-1/2

[Event "2.BLW 1617 SG Solingen - SG Köln Porz"]
[Site "?"]
[Date "2016.10.16"]
[Round "1.6"]
[White "Hobusch, Jan"]
[Black "Rotstein, Arkadij"]
[Result "0-1"]
[WhiteElo "2241"]
[BlackElo "2501"]
[PlyCount "46"]
[EventDate "2016.??.??"]

1. d4 d5 2. Bf4 Nf6 3. e3 e6 4. Nf3 c5 5. c3 Nc6 6. Nbd2 Bd6 7. Bg3 O-O 8. Bd3
b6 9. O-O Bb7 10. Qe2 Re8 11. Ba6 Bxa6 12. Qxa6 Bf8 13. a4 c4 14. b3 cxb3 15.
Rfb1 Na5 16. Nxb3 Nc4 17. Nbd2 Qc8 18. Qxc8 Rexc8 19. Rc1 Nxd2 20. Nxd2 Rc6 21.
a5 b5 22. a6 Rac8 23. Rab1 b4 0-1

[Event "2.BLW 1617 SG Solingen - SG Köln Porz"]
[Site "?"]
[Date "2016.10.16"]
[Round "1.7"]
[White "Korotkjevich, Stanislav"]
[Black "Michalczak, Thomas"]
[Result "1-0"]
[WhiteElo "2385"]
[BlackElo "2265"]
[PlyCount "57"]
[EventDate "2016.??.??"]

1. d4 d5 2. Nf3 Nf6 3. c4 e6 4. Nc3 Be7 5. Bg5 h6 6. Bh4 O-O 7. e3 Ne4 8. Bxe7
Qxe7 9. Rc1 c6 10. Be2 Nd7 11. O-O Nxc3 12. Rxc3 dxc4 13. Bxc4 b6 14. Qe2 Bb7
15. Ba6 Bxa6 16. Qxa6 c5 17. Rfc1 Rfd8 18. b4 cxd4 19. Nxd4 Nb8 20. Qe2 e5 21.
Nf5 Qg5 22. e4 Kh7 23. h4 Qf6 24. Rc7 g6 25. Ne3 Kg7 26. h5 g5 27. Nf5+ Kg8 28.
Qc4 Rf8 29. Qd5 1-0

[Event "2.BLW 1617 SG Solingen - SG Köln Porz"]
[Site "?"]
[Date "2016.10.16"]
[Round "1.8"]
[White "Berg, Michael"]
[Black "Pauly, Carlo"]
[Result "0-1"]
[WhiteElo "2339"]
[BlackElo "2236"]
[PlyCount "62"]
[EventDate "2016.??.??"]

1. d4 Nf6 2. c4 g6 3. Nc3 Bg7 4. e4 O-O 5. Nf3 d6 6. Be2 e5 7. O-O Nc6 8. d5
Ne7 9. Ne1 Ne8 10. Nd3 f5 11. Bd2 Nf6 12. f3 f4 13. g4 fxg3 14. hxg3 h5 15. Kg2
Kh7 16. c5 Bh6 17. Rc1 Bxd2 18. Qxd2 c6 19. dxc6 Nxc6 20. cxd6 Qxd6 21. Qg5 Qe7
22. Rh1 Be6 23. Nd5 Nxd5 24. Rxh5+ gxh5 25. Qxh5+ Kg7 26. Rxc6 Ne3+ 27. Kf2
Ng4+ 28. Kg2 bxc6 29. fxg4 Bf7 30. Qh4 Qxh4 31. gxh4 Bc4 0-1

[Event "2.BLW 1617 Hansa Dortmund - Aachener SV"]
[Site "?"]
[Date "2016.10.16"]
[Round "1.1"]
[White "Seel, Christian"]
[Black "Heberla, Bartlomiej"]
[Result "1/2-1/2"]
[WhiteElo "2472"]
[BlackElo "2549"]
[PlyCount "110"]
[EventDate "2016.??.??"]

1. d4 g6 2. Nf3 Bg7 3. g3 c5 4. c3 Qa5 5. Nbd2 cxd4 6. Nb3 Qb6 7. cxd4 Nf6 8.
Bg2 d6 9. O-O Nc6 10. Re1 d5 11. Bf4 Bf5 12. Ne5 Rc8 13. Nxc6 Rxc6 14. Rc1 O-O
15. Rxc6 Qxc6 16. Qd2 b6 17. Qb4 Qe6 18. Be5 Bh6 19. Bxf6 exf6 20. Qa4 a5 21.
Qb5 Rc8 22. Bxd5 Qd6 23. e4 Bd7 24. Qe2 a4 25. Na1 f5 26. Nc2 fxe4 27. Bxe4 Re8
28. Qf3 Bg7 29. Bd5 Rxe1+ 30. Nxe1 Be6 31. Bxe6 Qxe6 32. Nd3 Qxa2 33. Qa8+ Bf8
34. Ne5 Qxb2 35. Nd7 Qb4 36. Nxf8 Qxf8 37. Qxa4 Qd6 38. Qc4 Kf8 39. h4 h5 40.
Qc8+ Ke7 41. Qb7+ Kf6 42. Qf3+ Kg7 43. d5 Kf8 44. Qd3 Ke7 45. Qe4+ Kd8 46. Qf3
f5 47. Qb3 Kc7 48. Qc4+ Qc5 49. Qf4+ Kd7 50. Qe5 Qd6 51. Qg7+ Kc8 52. Qg8+ Kb7
53. Qf7+ Kc8 54. Qg8+ Kb7 55. Qf7+ Kc8 {(=)} 1/2-1/2

[Event "2.BLW 1617 Hansa Dortmund - Aachener SV"]
[Site "?"]
[Date "2016.10.16"]
[Round "1.2"]
[White "Mainka, Romuald"]
[Black "Koch, Thomas"]
[Result "1-0"]
[WhiteElo "2398"]
[BlackElo "2468"]
[PlyCount "122"]
[EventDate "2016.??.??"]

1. e4 c5 2. Nf3 d6 3. Bb5+ Bd7 4. Bxd7+ Qxd7 5. c4 Nc6 6. d4 cxd4 7. Nxd4 Nf6
8. Nc3 e6 9. O-O Be7 10. b3 O-O 11. Bb2 Rac8 12. Kh1 a6 13. Nc2 b5 14. cxb5
axb5 15. Qe2 b4 16. Na4 Qb7 17. Rad1 Nb8 18. Bxf6 Bxf6 19. Rxd6 Qc7 20. Rd2 Bg5
21. Ne3 Qf4 22. Rd4 Be7 23. Nc4 Rfd8 24. g3 Qf6 25. Rdd1 Rxd1 26. Rxd1 h5 27.
h4 Nc6 28. Kg2 Qg6 29. Kh2 Qf6 30. e5 Qf5 31. Kg2 Qg6 32. Qf3 Rc7 33. Qf4 Kh7
34. Rd2 Bf8 35. Nab6 Bc5 36. Nd7 Be7 37. Qf3 Kg8 38. Kh2 Kh7 39. Ndb6 Bc5 40.
Nd7 Be7 41. Rd1 Kg8 42. Qe3 Qg4 43. Rd2 Rb7 44. Ndb6 Qf5 45. Nc8 Rc7 46. N8d6
Bxd6 47. Rxd6 Ne7 48. Rd8+ Kh7 49. Nd6 Qg6 50. Ne4 Qf5 51. Qe2 Nc6 52. Ng5+ Kg6
53. Rh8 Nxe5 54. Qxh5+ Kf6 55. Ne4+ Ke7 56. Re8+ Kd7 57. Qd1+ Kxe8 58. Nd6+ Ke7
59. Nxf5+ exf5 60. Qe1 Kf6 61. Qxb4 Rc2 1-0

[Event "2.BLW 1617 Hansa Dortmund - Aachener SV"]
[Site "?"]
[Date "2016.10.16"]
[Round "1.3"]
[White "Sonntag, Hans-Hubert"]
[Black "Wegener, Olaf"]
[Result "1/2-1/2"]
[WhiteElo "2358"]
[BlackElo "2443"]
[PlyCount "31"]
[EventDate "2016.??.??"]

1. e4 c5 2. Nf3 d6 3. d4 cxd4 4. Nxd4 Nf6 5. f3 e5 6. Nb3 d5 7. Bg5 Be6 8. Bxf6
gxf6 9. exd5 Qxd5 10. Qxd5 Bxd5 11. Nc3 Be6 12. Bb5+ Nd7 13. Ne4 Be7 14. Nbc5
Bxc5 15. Nxc5 O-O-O 16. Bxd7+ 1/2-1/2